00572 2200205 4500001002100000005001500021035002000036245008300056100001900139300002600158700001700184260004000201082001200241084001800253020002200271600002200293990001700315990001700332990001700349INLIS00000000000108520250730073028 a0010-07250000671 aPahami sebelum Sesal Permasalahan Sosial & Hikmah Pernikahani /cNurul Hidayah0 aHidayah, Nurul a199 hlm ;c14 X 21 cm0 aFaqih Khasbi aJakarta :bPT Elex Media Komputindo a297.577 a297.577 HID p a978-623-00-2745-9 4aHikmah Pernikahan a3646/PP/2025 a3647/PP/2025 a3648/PP/2025